000 00696cab a2200205 4500
001 X3042
008 090401t1995 xxu||||| |||| 00| 0 eng d
035 _a(Sirsi) u28166
041 _aeng
245 _aHelp for benevolent fund
260 _c1995
350 _a0
490 _aCSM (Chartered Surveyor Monthly)
_v5(2) October 1995, 61(1)
520 _aThe RICS general council has agreed to a trial where members are asked to make a voluntary donation of £10 with their subscriptions.
650 _aABOUT RICS-RELATED ORGANISATIONA-RICS BENEVOLENT FUND
650 _aSUBSCRIPTIONS
690 _aMANAGEMENT-BUSINESS MANAGEMENT-PROFESSIONAL PRACTICE
942 _n0
948 _c04/03/1997
999 _c18992
_d18992